| 000 | 00481nam a22001937a 4500 | ||
|---|---|---|---|
| 003 | MPLRDC | ||
| 005 | 20220104201747.0 | ||
| 008 | 210129b ||||| |||| 00| 0 eng d | ||
| 020 | _a957-741-149-5 | ||
| 082 | _a857.63 LZX | ||
| 100 | _a蓝振贤 | ||
| 245 |
_a远方来的女人 _c |
||
| 250 | _a初版 | ||
| 260 |
_a台湾 _b先见出版公司 _c1995 |
||
| 300 | _b平 | ||
| 520 | _a上架 2017-07-06。 | ||
| 650 | _a中国短篇小说--别集 | ||
| 942 |
_cBK _o857.63 LZX |
||
| 999 |
_c67314 _d67304 |
||